Responses for Show #7283 - Wednesday, April 20, 2016

Andrew Pau game 4.

Contestants

[<< previous game]

Amanda Richards, a music teacher from Macon, Georgia

Nikhil Damle, an attorney from Torrance, California

Andrew Pau, an assistant professor from Amherst, Ohio (whose 3-day cash winnings total $105,202)

[next game >>]

Jeopardy! Round responses

ALABAMA HISTORY
WHAT'S YOUR SIGN?
THE THIRD WORD
SPACECRAFT TYPES
MY WIFE!
THE WALT DISNEY ARCHIVES
(Jimmy: A treasure trove of the artifacts behind some of the world's most beloved entertainment.)
    $200 21
(Andrew: What is Birmingham?)

Montgomery (Alabama)

AndrewAmanda
    $200 6
Leo

Andrew
    $200 11
can

Andrew
    $200 26
a space station

Amanda
    $200 1
Joseph

Andrew
    $200 16
Princess Diaries 2 (The Princess Diaries accepted)

Amanda
    $400 22
Mardi Gras

Andrew
    $400 7
Scorpio

Triple Stumper
    $400 12
could

Amanda
    $400 27
(Amanda: What is a pill?)

a capsule

Amanda
Triple Stumper
    $400 2
Andre Agassi

Nikhil
    $400 17
the Nautilus

Amanda
    $600 23
the Supreme Court

Andrew
    $600 8
Pisces (for spices)

Andrew
    $600 13
how

Andrew
    $600 28
the booster

Triple Stumper
    $600 3
Hugh Hefner

Andrew
    $600 18
Cortés

Andrew
    $800 24
Mobile Bay

Nikhil
    $800 9
Virgo

Andrew
    $1,800 14
(Alex: Yes, "It was [*] best of times, it was [*] worst of times".)

the

Andrew
    $800 29
a flying saucer

Andrew
    $800 4
(Nikhil: Who is... Jack Nicholson?)

Jay Leno

NikhilAmanda
    $800 19
Julie Andrews

Andrew
    $1000 25
Tecumseh

Nikhil
    $1000 10
Taurus

Triple Stumper
    $1000 15
(Alex: [*]. "We the [*]". Yes.)

People

Amanda
    $1000 30
(Nikhil: What is a probe?)
(Alex: A probe? Be a little more specific.)

an orbital probe

Nikhil
    $1000 5
Woodrow Wilson

Andrew
    $1000 20
the Shaggy Dog

Amanda

Scores at the first commercial break (after clue 15):

Andrew Nikhil Amanda
$6,000 -$400 $2,200

Scores at the end of the Jeopardy! Round:

Andrew Nikhil Amanda
$9,000 $2,400 $3,800

Double Jeopardy! Round responses

EURO-MONARCHY
CLEANING OUT MY ATTIC
ALL THE LYRICS IN THE SONG
ELECTRICITY
PULP FICTION
ZED'S DEAD, BABY
(Alex: Each correct response will be two words. One with a zed or a "Z", the other one without.)
    $400 5
Spain

Andrew
    $400 16
(Nikhil: What is a rifle?)
(Alex: Be more specific.
What is a Red--what is model rifle?)

a BB gun

NikhilAmanda
    $400 11
"Batman"

Andrew
    $400 21
DC

Andrew
    $400 26
The Big Sleep

Amanda
    $400 6
Bozo & boo

Andrew
    $800 4
Netherlands

Nikhil
    $800 17
a juicer

Triple Stumper
    $800 12
(Nikhil: What are the Ramones?)

Daft Punk

AndrewNikhil
    $800 22
resistors

Amanda
    $800 27
Perry Mason

Amanda
    $800 7
czar & car

Andrew
    $1200 3
Norway

Andrew
    $4,500 18
(Amanda: Is... 1977?)
(Alex: No. It's [*]. And remember your phrasing for the clues that are still to come.)

1974

Amanda
    $1200 13
"Tequila"

Amanda
    $1200 23
utilities

Andrew
    $1200 28
The Maltese Falcon

Triple Stumper
    $1200 8
(Nikhil: What is Zeus?)

zeros & Eros

Nikhil
Triple Stumper
    $1600 2
Belgium

Nikhil
    $1600 19
a guitar

Triple Stumper
    $1600 14
the hustle

Amanda
    $1600 24
the electromotive force

Triple Stumper
    $1,000 29
(Amanda: What is The Pony Express?)
[The end-of-round signal sounds.]

The Postman Always Rings Twice

Amanda
    $1600 9
plotz & plot

Amanda
    $2000 1
Sweden

Andrew
    $2000 20
Newton

Andrew
    $2000 15
Hüsker Dü

Amanda
    $2000 25
(Nikhil: What is... Descartes?)
...
(Alex: Less than a minute to go now, Andrew. One category to deal with.)

Charles-Augustin de Coulomb

Nikhil
Triple Stumper
    $2000 10
faze & fae

Triple Stumper

Scores at the end of the Double Jeopardy! Round:

Andrew Nikhil Amanda
$18,600 $400 $7,100
(lock game)

[wagering suggestions for these scores]

Final Jeopardy! Round responses

AT THE OLD BALLGAME
(Alex: [To Nikhil] Because the Sun bleached the wood.)
...
(Alex: [To Amanda] What were you writing before you--)
(Amanda: I was gonna say "nosebleeds". I didn't wanna embarrass myself.)
NikhilWhat is bleachers
$399
AmandaWhat is the n ?
$6,300
AndrewWhat is scorch??
$0
bleachers

Final scores:

Andrew Nikhil Amanda
$18,600 $799 $800
4-day champion: $123,802 3rd place: $1,000 2nd place: $2,000

Game dynamics:

Coryat scores:

Andrew Nikhil Amanda
$17,600 $400 $12,600
24 R
(including 1 DD),
1 W
6 R,
5 W
16 R,
3 W
(including 2 DDs)

Combined Coryat: $30,600

[game clues] [game scores] [suggest correction]

Game tape date: 2016-03-02
The J! Archive is created by fans, for fans. Scraping, republication, monetization, and malicious use prohibited; this site may use cookies and collect identifying information. See terms. The Jeopardy! game show and all elements thereof, including but not limited to copyright and trademark thereto, are the property of Jeopardy Productions, Inc. and are protected under law. This website is not affiliated with, sponsored by, or operated by Jeopardy Productions, Inc. Join the discussion at JBoard.tv.